LEADER 00538naa a2200145 i 4500 001 000000296136 003 CaOOAMICUS 005 20180831172539.0 008 180831n xx u000 u ger u 013 $a3579 040 $aSeMil$bita 100 1 $aHenrici, Peter,$c.$0(OLS)http://semarc/name/6225 245 14$aDer Weltauftrag des Christen. 773 0 $tVermittlung als Auftrag.$dEinsiedeln ; Freiburg : Johannes, 1995.$z3-89411-333-2$gp.125-148$w()50447 996 $6245$aDer Weltauftrag des Christen$9(OLS)http://semarc/title/372191 LEADER 00659nam a2200181 i 4500 001 000000247289 003 CaOOAMICUS 005 20151229000000.0 008 151229s1961 xx u000 u lat u 013 $a226194 040 $aSeMil$bita 245 10$a3. 300 $aVIII, 541 p. 773 0 $tS. Thomae Aquinatis Liber de veritate catholicae fidei contra errores infidelium, qui dicitur Summa contra gentiles.$dAugustae Taurinorum : Marietti, 1961-1967.$g3$w()32926 850 $aSeMil 852 $aSeMil$W1$xVenegono$y1$m2M VI 3$j197635$B197635$CSeMilBibl$Z2$F208901 $81 961 $aLascito: Milani don Felice 996 $6245$a3$9(OLS)http://semarc/title/47129